Узлы формирования, коммутации и контроля напряжения на бистабильных элементах; Энергетика: экология, надежность, безопасность; Т. 1

Podrobná bibliografie
Parent link:Энергетика: экология, надежность, безопасность: материалы докладов 6 Всероссийской научно-технической конференции, Томск, 2000 г./ Томский политехнический университет (ТПУ).— , 2000
Т. 1.— 2000.— С. 171-174
Hlavní autor: Шустов М. А. Михаил Анатольевич
Jazyk:ruština
Vydáno: 2000
Témata:
Médium: MixedMaterials Kapitola
KOHA link:https://koha.lib.tpu.ru/cgi-bin/koha/opac-detail.pl?biblionumber=179456

MARC

LEADER 00000naa2a2200000 4500
001 179456
005 20231031170332.0
035 |a (RuTPU)RU\TPU\book\194537 
090 |a 179456 
100 |a 20100421d2000 k y0rusy50 ca 
101 0 |a rus 
102 |a RU 
200 1 |a Узлы формирования, коммутации и контроля напряжения на бистабильных элементах  |f М. А. Шустов 
461 0 |0 (RuTPU)RU\TPU\book\119034  |t Энергетика: экология, надежность, безопасность  |o материалы докладов 6 Всероссийской научно-технической конференции, Томск, 2000 г.  |f Томский политехнический университет (ТПУ)  |d 2000 
463 0 |0 (RuTPU)RU\TPU\book\24481  |t Т. 1  |v С. 171-174  |d 2000  |p 360 с. 
610 1 |a труды учёных ТПУ 
700 1 |a Шустов  |b М. А.  |c специалист в области электротехники  |c профессор Томского политехнического университета, доктор технических наук  |f 1952-  |g Михаил Анатольевич  |2 stltpush  |3 (RuTPU)RU\TPU\pers\30571 
801 1 |a RU  |b 63413507  |c 20100421 
801 2 |a RU  |b 63413507  |c 20130910  |g RCR 
942 |c BK